000 00324nam a2200145 a 4500
008 980429s1967||||xx 0 und c
040 _aSNK
_bslo
_cSNK
_eAACR2
100 1 _aŠedý, Václav
245 1 0 _aPráce s dřevem
260 _aPraha
_bSPN
_c1967
300 _a121 s.
020 _c28
041 _aces
044 _aCZ
999 _c13944
_d13944